[Event "Reykjavik Open"]
[Site "Reykjavik"]
[Date "2024.03.21"]
[Round "9.83"]
[White "Pisan, Kai"]
[Black "Stenzel, Thomas"]
[Result "1-0"]
[WhiteElo "1897"]
[BlackElo "2175"]
[Annotator "Kai Pisan"]
[PlyCount "157"]
[GameId "2060675143852706"]
[EventDate "2024.03.15"]
[EventType "swiss"]
[EventRounds "9"]
[EventCountry "ISL"]
[SourceVersionDate "2020.12.21"]

{[%evp 0,157,19,25,29,-11,47,12,19,35,31,26,34,27,37,33,51,43,87,29,56,53,56,7,29,14,8,-29,3,-3,-8,-1,7,0,-20,-14,-11,-17,-24,-32,-9,-11,-6,-33,-40,-48,21,-79,-81,-87,-71,-45,-78,-75,-55,-100,-102,-119,-130,-132,-147,-164,-157,-173,-172,-172,-172,-197,-160,-182,-177,-177,-170,-150,-140,-158,-154,-154,-85,-85,-105,-123,-71,-86,-31,-33,-27,-58,-54,-99,-91,-91,-98,-93,-93,-117,-116,-311,-133,-167,-70,-102,-84,-93,-93,-88,-86,-79,-68,-75,-76,-72,-64,-67,-61,-55,-37,-67,-55,-57,-45,-51,-46,-37,-34,-37,-34,-56,-46,-48,-34,-37,-27,-51,-42,-39,-36,-27,-28,-2,0,-38,12,-27,-34,-34,56,57,341,347,352,355,352,361,363,362,366,370,366,351] Annotated by Kai Pisan. This was the last round of the Reykjavik Open tournament, held in Iceland. All the games were played with a time control of 90 minutes, 30 second increment and a special delay of 30 minutes on the 40th move. So far, I had a score of 4/8 and was gaining 20 FIDE rating points. Going into the final round I was rated 1897 and I recall my opponent being about 2100. This game was a must win for me, because I would get 33 rating and achieve 1950. This mattered for a future tournament I wanted to play in. I hope you enjoy the analysis!} 1. d4 Nf6 2. c4 g6 3. g3 d6 4. Bg2 Bg7 5. Nc3 O-O 6. Nf3 c6 7. e4 Qa5 $5 {The first move away from my theoretical knowledge. I expected...} (7... Bg4 8. h3 Bxf3 9. Bxf3 {...with an attacking game ahead.}) 8. O-O Qh5 9. Nd2 $6 {Better was...} (9. e5 dxe5 10. Nxe5 Qxd1 11. Rxd1 {Where white has a significantly better position.}) 9... e5 10. dxe5 dxe5 11. a3 Na6 12. b4 Nc7 13. Bb2 Rd8 {I had to trade queens here and the engine agrees, giving a slight advantage to black with other moves. Previously, I hoped for black to trade and activate one of my rooks.} 14. Qxh5 Nxh5 15. Rfd1 Be6 16. b5 $6 {This is a very dubious move by me. I was trying to open up the position, but in doing so went against some of the plans in these structures. It was important to wait with something like...} (16. Bf1 {...but I was impatient.}) 16... Bh6 {The best move and causing practical problems. I was lucky I had the following sequence of moves.} 17. Nf3 f6 18. Bf1 Bf8 19. Kg2 {The struggle here was finding a plan for white. I didn't see any easy way, without conceding something to black.} Ng7 20. a4 Bf7 21. Ne1 Nge6 22. Nc2 Nd4 23. Rac1 Nce6 $15 {This position is very hard to play for white and black is better. I had come to terms with defending the position for a while.} 24. Ne3 Rd7 25. Ne2 Rad8 26. Nxd4 exd4 27. Ng4 Bg7 {Even though the position is more simplified, my pieces are still badly placed and pushed back.} 28. f3 Nc5 29. Ra1 f5 30. exf5 gxf5 31. Nf2 d3 32. Bxg7 Kxg7 33. Rac1 Rd4 $17 {My opponent is doing a great job converting the advantage and the computer is showing -2 on depth 25. This, of course, is a human game though, so he still must play accurately.} 34. bxc6 bxc6 35. Rc3 Bxc4 36. a5 R8d7 37. Nh3 Na4 38. Ra3 Nb2 39. Rd2 Rb7 40. Nf4 Kf6 41. Kf2 Ba6 42. Rc3 $17 Bc4 $2 {This move throws away most of the advantage for black and doesn't have any clear follow-up.} 43. Ke3 $2 {My move gives all the advantage back, but from a human perspective I think it's reasonable. Black is still much better.} c5 44. Nxd3 Re7+ 45. Kf2 Nxd3+ 46. Bxd3 Red7 47. Ke3 $19 {This is almost -3 and the position is simple enough to be relatively easily converted into a win for black.} Ba6 $2 {A serious mistake by black that allows Bxf5! and fighting chances for white.} 48. Bxa6 $4 {A massive blunder by me, -5 evaluation. During the game, I thought c4 was a threat and completely missed Bxf5.} Rxd2 $6 {This move still holds the advantage, but my coach pointed out when reviewing the game that the position was still complex. Although after...} (48... Re7+ $1 {...more easily converts the game.}) 49. Rxc5 Rxh2 $4 {A blunder by my opponent that brings this back and forth game to equal.} 50. Bd3 f4+ 51. gxf4 h5 52. Rc6+ Kg7 53. Rg6+ Kf8 54. Rh6 h4 55. f5 Ra2 56. Be4 Rxa5 57. Rxh4 $10 {The computer is showing a dead draw on depth 46. Practically speaking, only white has chances here. In the game, I remember thinking this was a draw and I wouldn't be able to win, so I offered two draws about ten moves apart.} Rd6 58. Rh8+ Kg7 59. Ra8 Ra1 60. Kf4 Rd7 61. Kg5 Rg1+ 62. Kf4 Kf7 63. Bc2 Rc7 64. Be4 Rd7 65. Bc2 Ke7 66. Ke5 Re1+ 67. Be4 Kf7 68. Rh8 $10 {There was lots of shuffling by both sides. I think my opponent was also struggling to realize that this wasn't winning for him.} Re7+ 69. Kf4 Kg7 70. Ra8 Rh1 71. Kg5 Rg1+ 72. Kf4 Rg2 73. Bd5 Rd2 $4 {The decisive mistake by him and the first time in the game I was much better (+5).} 74. Rg8+ Kh7 75. f6 {This position is too simple for me to mess up and I had plenty of time.} Rd4+ 76. Kg3 Rd7 77. f7 Rxf7 78. Bxf7 Rd1 (78... Rd7 {This would have been a better try by him, but ultimately the same result.}) 79. Ra8 {1-0 White wins. With this unexpected win, I gained 33 FIDE rating and got to 1950. This qualified me for a subsequent tournament's higher section. Overall, a very back and forth game that ended my tournament on a spectacular note.} 1-0

[Event "Reykjavik Open"]
[Site "Reykjavik"]
[Date "2024.03.20"]
[Round "8"]
[White "Shivika, Rohilla"]
[Black "Wong-Godfrey, Emerson"]
[Result "0-1"]
[WhiteElo "2003"]
[BlackElo "1799"]
[Annotator "Emerson Wong-Godfrey"]
[PlyCount "62"]
[GameId "2060675098960539"]
[EventDate "2024.03.15"]
[EventType "swiss"]
[EventRounds "9"]
[EventCountry "ISL"]
[SourceVersionDate "2020.12.21"]

{[%evp 0,62,39,36,23,-19,43,31,32,26,36,36,32,41,44,14,22,28,23,22,23,2,43,-1,37,16,-17,-28,-19,-21,-15,-39,-30,-48,-35,-19,-8,-5,-4,0,44,55,58,52,30,13,66,0,-13,-10,-36,-184,-206,-190,-207,-206,-221,-637,-724,-724,-767,-795,-808,-811,-816] This tournament was probably the best tournament I have ever had, having 5/9 and a performance of over 2100. I also got a chance to play the famous streamer and chess celebrity Dina Belenkaya. This game was the best game I played in the tournament. I was playing black against a WFM in round 8 of the Reykjavik Open. I hope you enjoy!} 1. Nf3 {I prepped against my opponent before this tournament and I saw that she played many different openings in the past, such as d4 and e4 and Nf3. I decided it wasn't worth my time to prepare all of these openings and just play some chess.} Nf6 2. c4 g6 3. Nc3 Bg7 4. e4 {Rats! My opponent had forced me to play into a KID, a defense I have never even played before. Well, this will be interesting.} d6 5. d4 O-O 6. h3 Nbd7 7. Be3 e5 8. d5 a5 9. a3 b6 $6 $146 {My point with pushing my pawn to b6 is to—at some point— have a reasonable place to develop my light squared bishop, but this plan is too slow.} 10. b4 $2 (10. g4 $1 {A prophylactic move! Black's dreams of playing f5 one day is severely crushed. White has many plans of rolling the pawns and starting a decisive attack.} a4 11. Nd2 Nc5 12. f3 Nfd7 13. h4 {And white is ready to begin the attack.}) 10... Ne8 11. g3 f5 12. Bg2 Ndf6 13. b5 $2 {Personally, I think this deserves a question mark because white locks up the queenside, which was a place to counterattack black's kingside advance. Furthermore, white opens up a possible outpost on c5 that can be used in the future.} Nxe4 14. Nxe4 fxe4 15. Ng5 Nf6 16. g4 Bd7 17. Nxe4 $2 $17 {The first big error.} (17. Ne6 $1 {Waiting to take the pawn was a better choice. After} Bxe6 18. dxe6 Qe7 19. g5 $1 Nh5 20. Bxe4 Rae8 21. h4 {It is now clear that white is the one with the advantage. The light-squared bishop is deadly, and the pawn cannot be taken because of Bd5! winning the queen and the game.}) 17... Nxe4 18. Bxe4 Qh4 $1 {The only move to maintain the advantage in this position. Black is now threatening to play a positional masterpiece.} 19. Qd2 Rf4 $3 {We sacrifice THE ROOK!!} 20. Bxf4 exf4 {Now the dark-squared bishop has opened its eyes on the long diagonal.} 21. Ra2 {Also possible was:} (21. O-O-O Qf6 $1 22. Bb1 Rf8 23. a4 Qa1 24. Qa2 Qc3+ 25. Bc2 $17 f3 {The dynamic play between the dark-squared bishop and the queen is worth more than the exchange.}) 21... Re8 22. Qe2 h5 23. Kf1 Bf5 $3 {Yet another sacrifice!} 24. gxf5 gxf5 25. Rg1 $4 {White now crumbles. Being low on time and having to defend an unstoppable attack, it is understandable to make mistakes. Yet this one decides. Some other possible moves were:} (25. Bf3 $1 Rxe2 26. Rxe2 a4 27. Re6 Bf6 28. Rg1+ Kh7 29. Ke1 Bc3+ 30. Ke2 Bd4 $10) (25. f3 $6 {A slight inaccuracy, but still possible.} fxe4 26. Rg1 (26. fxe4 $4 f3 $1 $19) 26... Kf8 27. Qg2 Qf6 28. fxe4 f3 29. Qd2 Rxe4 $13) 25... Qxh3+ 26. Bg2 Rxe2 27. Bxh3 Rxa2 28. Bxf5 f3 $1 {White not only loses the pawn on a3, but loses the rook, and with that, the game.} 29. Be6+ Kf8 {0-1 Black wins. White resigned in view of} 30. Ke1 Ra1+ 31. Kd2 Rxg1 $19 0-1

[Event "Reykjavik Open"]
[Site "Reykjavik"]
[Date "2024.03.15"]
[Round "1.123"]
[White "Seshadri, Sridhar"]
[Black "Signoli, Benjamin"]
[Result "1-0"]
[WhiteElo "1458"]
[BlackElo "1883"]
[Annotator "Ralph Dubisch"]
[PlyCount "67"]
[GameId "2060680765636790"]
[EventDate "2024.03.15"]
[EventType "swiss"]
[EventRounds "9"]
[EventCountry "ISL"]
[SourceVersionDate "2020.12.21"]

{[%evp 0,67,25,26,13,20,5,-16,15,-13,-19,-48,-22,-8,6,-25,-25,-16,-10,-32,-31,-45,7,-8,32,29,41,50,37,32,58,48,37,0,2,0,21,-27,-17,-28,-20,-18,-18,-16,35,35,70,51,48,58,71,101,107,81,60,19,29981,29982,29983,29984,29985,29986,29989,29990,29993,29994,29995,29996,29999,29999]} 1. d4 d5 2. e3 Nf6 3. Bd3 c5 4. c3 Nc6 5. Nd2 $6 e6 $6 ({White's rather passive treatment of the opening, mostly deferring the development Nf3 or choosing a system with f4 here on move five, allows Black to take the central initiative with} 5... e5 $1) 6. Ngf3 Bd6 7. h3 Qc7 8. O-O O-O 9. e4 cxd4 10. cxd4 dxe4 11. Nxe4 Be7 12. Bg5 Nxe4 13. Bxe4 Bxg5 14. Nxg5 g6 15. Bxc6 Qxc6 16. Qb3 b6 17. Rac1 Qd6 18. Rfd1 Bb7 19. Qe3 Qd5 20. f3 Qxa2 21. Rc7 Bd5 $6 ({Black must challenge the knight with} 21... h6 {, when something like} 22. Rxb7 hxg5 23. d5 $5 (23. Qxg5 {is also possible.}) 23... exd5 24. Qxg5 Qxb2 25. Rxd5 {gives White activity for the pawn.}) 22. Qf4 Qa4 $4 ({Black had to accept inferiority here after} 22... e5 23. Qh4 $1 h5 24. dxe5) 23. Rdc1 $4 {We'll explain the punctuation on these two moves at the end of the game.} e5 24. Qxe5 Qb3 25. R1c3 Qd1+ 26. Kh2 Rad8 27. Qf6 h6 $4 (27... Rde8 $14) 28. Nxf7 $3 Bxf7 29. Rxf7 Rxf7 30. Qxd8+ Kg7 31. Rc8 g5 32. Qh8+ Kg6 33. Rc6+ Kf5 34. Qe5# {A nice tactic to complete the 400-point upset victory. Looking back at move 23, White missed a similar tactical stunner with 23.Nxf7!! Qxd1+ (23...Qe8 24.Nh6+ Kh8 25.Qe5+) 24.Kh2, and Black cannot avoid mate.} 1-0

[Event "Intermat 33rd"]
[Site "Redmond"]
[Date "2024.04.20"]
[Round "1.25"]
[White "Yu, Jason"]
[Black "Harms, Reece"]
[Result "1-0"]
[WhiteElo "2247"]
[BlackElo "1949"]
[Annotator "Ralph Dubisch"]
[PlyCount "55"]
[GameId "2057140994293868"]
[EventDate "2024.04.20"]
[EventType "team-match"]
[EventRounds "2"]
[EventCountry "USA"]
[SourceVersionDate "2020.12.21"]
[WhiteTeam "WA"]
[BlackTeam "BC"]

{[%evp 0,55,19,38,25,16,14,14,10,-17,9,0,-1,-16,9,13,13,-7,110,119,188,107,194,43,174,95,198,205,205,209,209,209,168,133,171,175,175,175,171,189,187,172,174,164,151,77,129,349,377,520,684,689,691,697,703,703,717,747]} 1. e4 e5 2. Nf3 Nc6 3. Bc4 Nf6 {The Two Knights Defense.} 4. Ng5 {Historically, this and 4.d4 were the most common ways to go for White. Nowadays, White tends to essay the more conservative 4.d3, transposing into a very quiet Giuoco Piano (or Pianissimo), and in fact this seems to be the main way to reach these positions, rather than the formerly standard 3...Bc5. However, they all tend to meld back into each other, showing remarkable subtleties revolving around the exact placement of pawns and pieces on both wings. What I would like to rant about here, though, is the current rage of claiming 4.Ng5 is the Fried Liver Attack. This is historically incorrect. The Fried Liver only arises after 4...d5 5.exd5 Nxd5?? when White sacrifices 6.Nxf7! with a big attack. There are many other named variations surrounding 4.Ng5 that are quite separate from the blunder that leads to the Fried Liver.} d5 5. exd5 Na5 $1 ({I believe this main line is called the Polerio Defense. Other interesting attempts include} 5... Nd4 {, the Fritz Variation, possibly continuing} 6. c3 b5 7. Bf1 Nxd5 {,}) ({and} 5... b5 {The Ulvestad, though due to possible transpositions, these latter two are sometimes combined as the Fritz/Ulvestad. White should not take the pawn, instead continuing} 6. Bf1 (6. Bxb5 Qxd5 {seems fine for Black.}) 6... h6 {.}) 6. Bb5+ c6 7. dxc6 bxc6 8. Qf3 $5 ({More popular are retreats such as} 8. Be2 h6 9. Nf3 (9. Nh3 $5) 9... e4 10. Ne5) ({or} 8. Bd3 Nd5 9. Nf3 Bd6 10. O-O {.}) 8... cxb5 $5 ({The most common move for Black here is} 8... Rb8 {when} 9. Bd3 h6 10. Ne4 Nd5 11. b3 g6 12. Qg3 $14 {is complex, but perhaps slightly preferable for White.}) ({Simple development with} 8... Be7 9. Bd3 ({After the greedy} 9. Bxc6+ Nxc6 10. Qxc6+ Bd7 11. Qf3 O-O 12. d3 {, Black takes the initiative with something like} Ng4 13. Nh3 (13. Ne4 f5 14. Nec3 e4 $1) 13... Rc8 14. Nc3 Rc6 {, which is certainly more fun to play with Black, despite White's two extra pawns.}) 9... O-O {is not at all bad for Black, however. The consensus in most of these Two Knights variations with 4.Ng5 is that Black is at least equal and possibly slightly better, having more than adequate compensation for the pawn. Here White's development lags, and it's hard to coordinate against Black's activity.}) 9. Qxa8 Qc7 10. O-O ({Run away!} 10. Qf3 {.}) 10... Nc6 11. Nc3 a6 $6 (11... Be7 $1 12. Nxb5 Qd7 {, and faced with the threat of ...0-0 and trapping the queen on a8, White will need to do something radical.} 13. Nxa7 Nxa7 14. Qf3 Nc6 {leaves two pieces against rook and three pawns. Here the pawns are not yet particularly threatening, and Black's activity suggests the position favors the pieces -- but there's still a battle.}) 12. d4 exd4 $2 (12... Bd6 {seems necessary, with complex and roughly balanced chances.} 13. d5 (13. dxe5 Bxe5 (13... Nxe5 14. Nge4 Nxe4 15. Nxe4 Be7 16. Nc3 $16 {White's queen will find safety, and the extra exchange matters.}) 14. Nge4 Nxe4 15. Nd5 Qb7 16. Qxb7 Bxb7 17. Re1 f5 18. f3 Nd4 $15 {does not seem navigable by a human over the board for either side.}) 13... Nd4 14. Nge4 Nxe4 15. Nxe4 O-O 16. Nxd6 Qxd6 17. Qa7 {and Stockfish calls this dead equal.}) 13. Bf4 $1 Qd7 14. Nce4 Nxe4 15. Nxe4 Be7 ({Stockfish suggests avoiding White's next move with} 15... f5 16. Ng5 Be7 17. Rfe1 h6 18. Ne6 $16 {, though White still stands clearly better at the end.}) 16. Bd6 $1 O-O 17. Bxe7 Nxe7 18. Qb8 Qc6 19. Qe5 Nf5 20. Rfe1 Qxc2 ({White's queen has escaped the trap, and now the extra exchange should win. If} 20... h6 {, simply} 21. Qc5 {with near total board control, so Black chooses to grab some pawns.}) 21. Rac1 Qxb2 22. Ng5 ({Or} 22. Ng3 $1 Nxg3 (22... g6 23. Ne4) 23. Rxc8 $18) 22... Qb4 23. a3 $1 ({Distracting the queen. Also strong is the (perhaps unnecessarily) complicated} 23. Nxf7 $1 h6 (23... Kxf7 24. Rc7+ Kg8 (24... Kg6 25. g4) 25. Rxc8 Rxc8 26. Qe6+ {and mates shortly.}) 24. Rc7 d3 (24... Kh7 25. Qe4 $18) 25. Nxh6+ $1 gxh6 26. Rxc8 Rxc8 27. Qe6+ Kg7 28. Qd7+ Kg6 29. Re6+ Kg5 {, and now} 30. h4+ $1 Kxh4 (30... Qxh4 31. Qxc8 {is similarly winning due to the exposed black king.}) 31. Qxc8 d2 32. Qd8+ (32. g3+ Nxg3 33. Qd8+ Kh3 34. Rxh6+ Kg4 35. Rh4+ {may be even faster.}) 32... Kg4 33. f3+ Kf4 34. Qb8+ Kg5 35. Qg8+ Kh4 36. Qd8+ Kg3 37. Rg6+ Kf4 38. Rg4+ Ke5 39. Rxb4 $18) 23... Qd2 (23... Qxa3 24. Rxc8 h6 25. Qxf5 hxg5 26. Qd7 $18) 24. Nf3 Qa5 25. Rxc8 Qxe1+ 26. Nxe1 Rxc8 27. Qxf5 Rc1 28. Kf1 1-0